Slovak SMEs Facing New Challenges (With an Emphasis on the Implementation of Artificial Intelligence)
Dnešné malé a stredné podniky (MSP) čelia mnohým výzvam, ktoré sú spojené s implementáciou tzv. umelej inteligencie (AI), ktorá ponúka širokú škálu príležitostí na zlepšenie efektívnosti, konkurencieschopnosti a udržateľnosti. V súčasnosti pôsobí na činnosť MSP na Slovensku množstvo rôznorodých fakt...
Enregistré dans:
| Auteur principal: | |
|---|---|
| Autres auteurs: | |
| Format: | Chapitre de livre |
| Langue: | anglais |
| Sujets: | |
| Tags: |
Pas de tags, Soyez le premier à ajouter un tag!
|
MARC
| LEADER | 00000naa a2200000 4500 | ||
|---|---|---|---|
| 001 | 0307224 | ||
| 005 | 20250224111233.6 | ||
| 041 | 0 | |a eng | |
| 044 | |a SK | ||
| 245 | 1 | 0 | |a Slovak SMEs Facing New Challenges (With an Emphasis on the Implementation of Artificial Intelligence) |c Jozef Klučka, Lukrécia Hunková |
| 520 | |a Dnešné malé a stredné podniky (MSP) čelia mnohým výzvam, ktoré sú spojené s implementáciou tzv. umelej inteligencie (AI), ktorá ponúka širokú škálu príležitostí na zlepšenie efektívnosti, konkurencieschopnosti a udržateľnosti. V súčasnosti pôsobí na činnosť MSP na Slovensku množstvo rôznorodých faktorov, ktoré možno rozdeliť na všeobecné, ktoré ovplyvňujú MSP bez ohľadu na to, v ktorom odvetví pôsobia, a špecifické, ktoré zohľadňujú odvetvové špecifiká. Cieľom príspevku je preskúmať možnosti a výzvy implementácie AI v slovenských MSP a na základe získaných informácií navrhnúť rámec pre implementácia AI v týchto podnikoch. Správna implementácia AI môže pomôcť MSP získať strategickú výhodu, ale prináša aj riziká, ktorým je potrebné čeliť. | ||
| 610 | 2 | 0 | |a podnik malý |
| 610 | 2 | 0 | |a podnik stredný |
| 610 | 2 | 0 | |a odvetvia činnosti ekonomickej |
| 610 | 2 | 0 | |a inteligencia umelá |
| 610 | 2 | 0 | |a implementácia |
| 610 | 2 | 0 | |a efektívnosť |
| 610 | 2 | 0 | |a konkurencieschopnosť |
| 610 | 2 | 0 | |a udržateľnosť |
| 610 | 2 | 0 | |a riziko |
| 610 | 2 | 0 | |a Slovensko |
| 100 | 1 | |a Klučka, Jozef | |
| 700 | 1 | |a Hunková, Lukrécia | |